1290 1244 1302 1275 1325 1625 1941 1309 1379 1965 1461 1609 1375 1690 1924 1979 1705 1263 1549 1112 1140 1582 1541 1832 1570 1321 1986 1158 1492 1483 1774 1630 1686 1485 1431 1108 1335 1652 1581 1797 1278 1181 1048 1625 1186 1957 1571 1438 1479 1491 1521 1481 1289 1734 1615 1020 1648 1157 1541 1238 1890 1688 1782 1717 1049 1170 1807 1428 1783 1967 1691 1291 1189 1035 1229 1458 1468 1580 1271 1510 1503 1892 1331 1406 1481 1513 1360 1511 1252 1279 1820 1601 1883 1537 1477 1475 1728 1290 1687 BCNSPRNW ULIB Ver.6.0+V

เปลี่ยนเป็นภาษาไทย

Change to English
 แสดงรายละเอียดบรรณานุกรม
  กลับหน้าหลัก

Brief Record : Get Marc (ISO 2709) : E-mail record : QR code < ปิดหน้าต่าง
LEADER : 00000nam 2200000uu 4500
001    13399127472
003     ULIB
008    200604s2016||||th 000 0 tha d
020    ^a9781506256399 (pbk.)
050  4 ^aPE1128^bL887Bp
100 1  ^aLougheed, Lin,^d1946
245 10 ^aBarron s IELTS practice exams /^cLin Lougheed
246 3  ^aInternational English Language Testing System practiceexams
246 30 ^aIELTS practice exams
250    ^a3rd ed.
260    ^aHauppauge, N.Y. :^bBarron s Educational Series,^c2016
300    ^aiv, 457 p. :^bill. ;^c28 cm. +^e1 CD-ROM
650  0 ^aInternational English Language Testing System^vStudyguides
650  0 ^aEnglish language^vTextbooks for foreign speakers
650  0 ^aEnglish language^xExaminations^vStudy guides
653    ^aIELTS
945    ^p0^l0^i28378
999    ^aกัณชพร จุลอักษร
รายการนี้ยังไม่มีแท็ก
คุณยังไม่ได้ล็อกอิน คุณสามารถมีกิจกรรมร่วมกับเว็บไซต์ได้ แต่ต้องล็อกอินก่อน ::
  ล็อกอิน

รายการสื่อสารสนเทศ

ลำดับที่ ประเภท เลขเรียก/บาร์โค้ด สถานที่ สถานะ
1. หนังสือสำรอง
หนังสือสำรอง
PE1128 L887Bp ฉ.1 
  Barcode: 28378
ห้องสมุดวิทยาเขตนครสวรรค์
►หนังสือทั่วไป:l:General Books
บนชั้น

BibComment


ยังไม่เคยถูกคอมเมนท์

คอมเมนท์ทรัพยากรรายการนี้
  คอมเมนท์: Barron s IELTS p..


 Copyright 2026. Bcnsprnw @Library